Monopoles and three-manifolds / (رقم التسجيلة. 21713)
[ عرض عادي ]
| 000 -الفاتح | |
|---|---|
| حقل البيانات ثابتة الطول | 01751cam a22004214a 4500 |
| 001 - رقم الضبط | |
| رقم الضبط | 16662120 |
| 003 - محدد رقم الضبط | |
| رقم الضبط | OSt |
| 005 - وقت وتاريخ اخر تعامل مع التسجيلة | |
| رقم الضبط | 20150408114017.0 |
| 008 - عناصر البيانات ثابتة الطول - معلومات عامة | |
| حقل البيانات ثابتة الطول | 110222r20112007enka b 001 0 eng |
| 010 ## - رقم ضبط مكتبة الكونجرس | |
| رقم ضبط مكتبة الكونجرس | 2010537652 |
| 015 ## - رقم الببليوجرافية الوطنية | |
| رقم الببليوجرافية الوطنية | GBB0B3790 |
| المصدر | bnb |
| 016 7# - رقم ضبط الوكاله الوطنية للضبط الببليوجرافي | |
| رقم ضبط التسجيلة | 015654235 |
| المصدر | Uk |
| 020 ## - الرقم الدولى المعيارى للكتب | |
| الرقم الدولى المعيارى للكتاب | 9780521184762 (pbk.) |
| 020 ## - الرقم الدولى المعيارى للكتب | |
| الرقم الدولى المعيارى للكتاب | 0521184762 (pbk.) |
| 035 ## - رقم ضبط النظام | |
| رقم ضبط النظام | (OCoLC)ocn665137499 |
| 040 ## - مصدر الفهرسة | |
| وكالة الفهرسة الأصلية | UKM |
| وكالة النسخ | UKM |
| وكالة التعديل | YDXCP |
| -- | UNA |
| -- | DLC |
| 042 ## - رمز التحقق | |
| رمز التحقق | lccopycat |
| 050 00 - رقم طلب مكتبة الكونجرس | |
| رقم التصنيف | QA613.2 |
| رقم المادة | .K76 2011 |
| 082 04 - رقم تصنيف ديوى العشرى | |
| رقم التصنيف | 514.34 |
| رقم الطبعة | 22 |
| 100 1# - المدخل الرئيسى - إسم شخصى | |
| الإسم الشخصى | Kronheimer, P. B. |
| 9 (RLIN) | 14479 |
| 245 10 - بيان العنوان | |
| العنوان | Monopoles and three-manifolds / |
| بيان المسئوليه,etc | Peter Kronheimer, Tomasz Mrowka. |
| 250 ## - بيان الطبعة | |
| بيان الطبعة | 1st pbk. ed. |
| 260 ## - PUBLICATION, DISTRIBUTION, ETC. (IMPRINT) | |
| مكان الناشر او الموزع | Cambridge, UK ; |
| -- | New York : |
| اسم الناشر او الموزع | Cambridge University Press, |
| تاريخ النشر أو التوزيع | 2011. |
| 300 ## - الوصف المادى | |
| التعداد | xii, 796 p. : |
| تفاصيل ماديه اخرى للوعاء | ill. ; |
| أبعاد الوعاء | 23 cm. |
| 490 1# - بيان السلسلة | |
| عنوان السلسلة | New mathematical monographs ; |
| رقم المجلد/ التعيين التسلسلي | 10 |
| 500 ## - تبصرة عامة | |
| تبصرة عامة | Originally published: 2007. |
| 504 ## - تبصرة ببليوجرافية | |
| تبصرة ببليوجرافية,الخ | Includes bibliographical references (p. 779-784) and index. |
| 505 0# - تبصرة محتويات-الفهرس | |
| تبصرة المحتويات المصاغة | Outlines -- The Seiberg-Witten equations and compactness -- Hilbert manifolds and perturbations -- Moduli spaces and transversality -- Compactness and gluing -- Floer homology -- Cobordisms and invariance -- Non-exact perturbations -- Calculations -- Further developments. |
| 520 ## - التبصرة الخاصة بالتعليق أو التلخيص | |
| ملخص,الخ | This work provides a comprehensive treatment of Floer homology, based on the Seiberg-Witten monopole equations. |
| 650 #0 - المدخل الاضافى بالموضوع-مصطلح موضوعى | |
| مصطلح موضوعي أو اسم جغرافي كعنصر مدخل | Three-manifolds (Topology) |
| 9 (RLIN) | 14480 |
| 650 #0 - المدخل الاضافى بالموضوع-مصطلح موضوعى | |
| مصطلح موضوعي أو اسم جغرافي كعنصر مدخل | Homology theory. |
| 9 (RLIN) | 14481 |
| 650 #0 - المدخل الاضافى بالموضوع-مصطلح موضوعى | |
| مصطلح موضوعي أو اسم جغرافي كعنصر مدخل | Seiberg-Witten invariants. |
| 9 (RLIN) | 14482 |
| 650 #0 - المدخل الاضافى بالموضوع-مصطلح موضوعى | |
| مصطلح موضوعي أو اسم جغرافي كعنصر مدخل | Moduli theory. |
| 9 (RLIN) | 14483 |
| 700 1# - المدخل الاضافى - اسم شخصى | |
| الإسم الشخصى | Mrowka, Tomasz. |
| 9 (RLIN) | 14484 |
| 830 #0 - المدخل الاضافى بالسلسلة -عنوان موحد | |
| عنوان موحد | New mathematical monographs ; |
| رقم المجلد/ التعيين التسلسلي | 10. |
| 9 (RLIN) | 14485 |
| 942 ## - عناصر المدخل الإضافي( كوها) | |
| مصدر التصنيف او مخطط الترفيف | Dewey Decimal Classification |
| Koha [default] item type | كتاب |
| حالة الفقد | نموذج السعر الفعال | حالة تلف | ليس للاعارة | رقم الطلب | تاريخ الاكتساب | الموقع الحالي | الباركود | الفرع الرئيسي | Date last seen | نوع المادة فى نظام كوها | مصدر التصنيف او خطة الترفيف | Total Checkouts |
|---|---|---|---|---|---|---|---|---|---|---|---|---|
| 2013-03-10 | 514.34 K P M | 2012-06-01 | مكتبة كلية التربية بالزلفى - طالبات (EZF) | 00086650 | مكتبة كلية التربية بالزلفى - طالبات (EZF) | 2013-03-10 | كتاب | Dewey Decimal Classification | ||||
| 2013-03-10 | 514.34 K P M | 2012-06-01 | مكتبة كلية التربية بالزلفى - طالبات (EZF) | 00086651 | مكتبة كلية التربية بالزلفى - طالبات (EZF) | 2013-03-10 | كتاب | Dewey Decimal Classification | ||||
| 2013-03-10 | 514.34 K P M | 2012-06-04 | مكتبة كلية التمريض - طالبات (CNF) | 00088194 | مكتبة كلية التمريض - طالبات (CNF) | 2013-03-10 | كتاب | Dewey Decimal Classification | ||||
| 2013-03-10 | 514.34 K P M | 2012-06-04 | مكتبة كلية التمريض - طالبات (CNF) | 00088195 | مكتبة كلية التمريض - طالبات (CNF) | 2013-03-10 | كتاب | Dewey Decimal Classification | ||||
| 2013-03-10 | 514.34 K P M | 2012-05-20 | مكتبة مجمع الطالبات بالمجمعة (EMF) | 00087691 | مكتبة مجمع الطالبات بالمجمعة (EMF) | 2013-03-10 | كتاب | Dewey Decimal Classification | ||||
| 2013-03-10 | 514.34 K P M | 2012-05-20 | مكتبة مجمع الطالبات بالمجمعة (EMF) | 00087692 | مكتبة مجمع الطالبات بالمجمعة (EMF) | 2013-03-10 | كتاب | Dewey Decimal Classification | ||||
| 2013-03-10 | 514.34 K P M | 2012-06-01 | مكتبة مجمع الكليات بالزلفى - طلاب (SZM) | 00086385 | مكتبة مجمع الكليات بالزلفى - طلاب (SZM) | 2013-03-10 | كتاب | Dewey Decimal Classification | ||||
| 2013-03-10 | 514.34 K P M | 2012-06-01 | مكتبة مجمع الكليات بالزلفى - طلاب (SZM) | 00086386 | مكتبة مجمع الكليات بالزلفى - طلاب (SZM) | 2013-03-10 | كتاب | Dewey Decimal Classification |
